书目信息 |
| 题名: |
工业木质素高效利用的改性理论与技术
|
|
| 作者: | 邱学青 , 欧阳新平 , 杨东杰 编著 | |
| 分册: | ||
| 出版信息: | 北京 科学出版社 2014.03 |
|
| 页数: | 11,637页 | |
| 开本: | 24cm | |
| 丛书名: | ||
| 单 册: | ||
| 中图分类: | O636.2 | |
| 科图分类: | ||
| 主题词: | 木质素--研究 , 木质素 | |
| 电子资源: | ||
| ISBN: | 978-7-03-039417-0 | |
| 000 | 01004nam0 2200277 450 | |
| 001 | 0120141267160 | |
| 005 | 20140609154212.46 | |
| 010 | @a978-7-03-039417-0@dCNY160.00 | |
| 100 | @a20140404d2014 em y0chiy0110 ea | |
| 101 | 0 | @achi |
| 102 | @aCN@b110000 | |
| 105 | @aak z 000yy | |
| 106 | @ar | |
| 200 | 1 | @a工业木质素高效利用的改性理论与技术@9gong ye mu zhi su gao xiao li yong de gai xing li lun yu ji shu@f邱学青,欧阳新平,杨东杰等编著 |
| 210 | @a北京@c科学出版社@d2014.03 | |
| 215 | @a11,637页@c图@d24cm | |
| 330 | @a本书结合作者从事工业木质素研究近20年的成果,介绍木质素的来源与特征、分离与提纯、化学改性、溶液行为、吸附分散机理等相关基础理论研究进展。 | |
| 333 | @a轻工、建筑、农业等专业的科研人员、研究生 | |
| 606 | 0 | @a木质素@x研究 |
| 606 | 0 | @a木质素 |
| 690 | @aO636.2@v5 | |
| 701 | 0 | @a邱学青@9qiu xue qing@4编著 |
| 701 | 0 | @a欧阳新平@9ou yang xin ping@4编著 |
| 701 | 0 | @a杨东杰@9yang dong jie@4编著 |
| 801 | 0 | @aCN@b人天书店@c20140404 |
| 905 | @b845011-13@dO636.2@e81@f3 | |
| 工业木质素高效利用的改性理论与技术/邱学青,欧阳新平,杨东杰等编著.-北京:科学出版社,2014.03 |
| 11,637页:图;24cm |
| 使用对象:轻工、建筑、农业等专业的科研人员、研究生 |
| ISBN 978-7-03-039417-0:CNY160.00 |
| 本书结合作者从事工业木质素研究近20年的成果,介绍木质素的来源与特征、分离与提纯、化学改性、溶液行为、吸附分散机理等相关基础理论研究进展。 |
| ● |
| 相关链接 |
|
|
|
|
正题名:工业木质素高效利用的改性理论与技术
索取号:O636.2/81
 
预约/预借
| 序号 | 登录号 | 条形码 | 馆藏地/架位号 | 状态 | 备注 |
| 1 | 845011 | 208450111 | 第二样本阅览室/ [索取号:O636.2/81] | 在馆 | |
| 2 | 845012 | 208450120 | 第三借阅区/ [索取号:O636.2/81] | 在馆 | |
| 3 | 845013 | 208450139 | 密集书库-化学系/ [索取号:O636.2/81] | 在馆 |